Statistics for Fertile Crescent Countries - Map Quiz

Click here to take the quiz!

General Stats

  • This quiz has been taken 127 times
    (37 since last reset)
  • The average score is 10 of 11

Answers on the Map

Answers color-coded by a green-red scale on the quiz's map according to % correct below.
Loading ...
 

Answer Stats

Answer% Correct
Egypt
100%
Israel
100%
Cyprus
97%
Turkey
97%
Iran
97%
Palestine
91%
Syria
91%
Lebanon
91%
Iraq
91%
Kuwait
91%
Jordan
89%

Score Distribution

Percentile by Number Answered

Percent of People with Each Score

Your Score History

You have not taken this quiz since the last reset